5HLuxD.jpg

KING HENRY VIII SENIOR AND PRIMARY SCHOOL LIBRARY OPAC

Archie 1000 page mega comics digest. (Record no. 6081)

000 -LEADER
fixed length control field 00893cam a2200313 i 4500
001 - CONTROL NUMBER
control field 18589165
003 - CONTROL NUMBER IDENTIFIER
control field OSt
005 - DATE AND TIME OF LATEST TRANSACTION
control field 20260205105259.0
008 - FIXED-LENGTH DATA ELEMENTS--GENERAL INFORMATION
fixed length control field 150424s2014 nyua 6 000 f eng
010 ## - LIBRARY OF CONGRESS CONTROL NUMBER
LC control number 2015297018
020 ## - INTERNATIONAL STANDARD BOOK NUMBER
International Standard Book Number 9781619889682
Qualifying information pbk.
035 ## - SYSTEM CONTROL NUMBER
System control number 18589165
040 ## - CATALOGING SOURCE
Original cataloging agency DLC
Language of cataloging eng
Description conventions rda
Transcribing agency DLC
Modifying agency KH8
042 ## - AUTHENTICATION CODE
Authentication code pcc
082 ## - DEWEY DECIMAL CLASSIFICATION NUMBER
Classification number FIC ARC
130 ## - MAIN ENTRY--UNIFORM TITLE
Uniform title Archie 1000 Page Mega Digest
245 00 - TITLE STATEMENT
Title Archie 1000 page mega comics digest.
264 #1 - PRODUCTION, PUBLICATION, DISTRIBUTION, MANUFACTURE, AND COPYRIGHT NOTICE
Place of production, publication, distribution, manufacture Mamaroneck, New York :
Name of producer, publisher, distributor, manufacturer Archie Comics,
Date of production, publication, distribution, manufacture, or copyright notice [2014]
300 ## - PHYSICAL DESCRIPTION
Extent 1 volume (unpaged) :
Other physical details color illustrations ;
Dimensions 17 cm
336 ## - CONTENT TYPE
Content type term text
Source rdacontent
336 ## - CONTENT TYPE
Content type term still image
Source rdacontent
337 ## - MEDIA TYPE
Media type term unmediated
Source rdamedia
338 ## - CARRIER TYPE
Carrier type term volume
Source rdacarrier
650 ## - SUBJECT ADDED ENTRY--TOPICAL TERM
Topical term or geographic name entry element Graphic novel
Form subdivision comics
650 ## - SUBJECT ADDED ENTRY--TOPICAL TERM
Topical term or geographic name entry element funny
Form subdivision fiction
655 #0 - INDEX TERM--GENRE/FORM
Genre/form data or focus term Graphic novels.
655 #7 - INDEX TERM--GENRE/FORM
Genre/form data or focus term Comic books, strips, etc.
Source of term gsafd
942 ## - ADDED ENTRY ELEMENTS (KOHA)
Source of classification or shelving scheme
Koha item type Graphic Novel
Holdings
Withdrawn status Lost status Source of classification or shelving scheme Damaged status Not for loan Collection code Permanent Location Current Location Shelving location Date acquired Full call number Barcode Date last seen Copy number Price effective from Koha item type
          Fiction KH8 Senior School Library KH8 Senior School Library Graphic Novel 2026-02-05 FIC ARC 3KHSL000102622 2026-02-05 Book Donation 2026-02-05 Graphic Novel

Powered By KH8 IT Dept